Curso de derecho civil. Tercer año, según el programa aprobado por la Facultad de Derecho de la Universidad del Estado.
Zapisane w:
| 1. autor: | |
|---|---|
| Format: | Książka |
| Język: | angielski |
| Wydane: |
Santiago, Chile:
Imprenta Cervantes,
1918.
|
| Hasła przedmiotowe: | |
| Etykiety: |
Dodaj etykietę
Nie ma etykietki, Dołącz pierwszą etykiete!
|
MARC
| LEADER | 00000nam a22000007a 4500 | ||
|---|---|---|---|
| 003 | CL-VaPUC | ||
| 005 | 20220822114900.0 | ||
| 008 | 220811t1918 ||||| |||| 00| 0 eng d | ||
| 999 | |c 438274 |d 438272 | ||
| 040 | |c Pontificia Universidad Católica de Valparaíso | ||
| 082 | 0 | 4 | |a 346.83 BAR 1918 |2 21 |
| 100 | |a Barros Errázuriz, Alfredo |e autor |9 337918 | ||
| 245 | 1 | 0 | |a Curso de derecho civil. |b Tercer año, según el programa aprobado por la Facultad de Derecho de la Universidad del Estado. |
| 260 | |a Santiago, Chile: |b Imprenta Cervantes, |c 1918. | ||
| 300 | |a 297 páginas. | ||
| 500 | |a c.1 Donación Familia Prof. Alejandro Guzmán Brito. | ||
| 505 | |a Tercer año: Trata del libro III de la sucesión por causa de muerte y de las donaciones entre vivos, es decir: de las adquisiciones a título gratuito. | ||
| 583 | |a last modification |c 20040507 00:00:00 |k Yessy Sthefany Diaz Vidal | ||
| 650 | 0 | |a Derecho privado |9 258243 |x Enseñanza |z Chile | |
| 650 | 0 | |a Derecho civil chileno |9 320612 |x Enseñanza |z Siglo XX | |
| 650 | 0 | |a Herencia y sucesión |9 519588 |z Chile | |
| 942 | |c BK |2 ddc |n 0 | ||
| 952 | |0 0 |1 0 |2 ddc |4 0 |6 346_830000000000000_BAR_1918 |7 1 |8 C_AGB |9 586155 |a BIBDER |b BIBDER |d 2022-08-11 |e Donación |i 5653962 |o 346.83 BAR 1918 |p 5653962 |r 2023-01-25 |t 1 |w 2022-08-11 |y BK_US |k AGB | ||